| 000 | 00502nam a2200193Ia 4500 | ||
|---|---|---|---|
| 005 | 20250508163339.0 | ||
| 008 | 008 250505s9999 xx 000 0 eng d | ||
| 037 | _aTextual | ||
| 040 |
_aFEDL _beng _cFEDL |
||
| 041 |
_aeng _2eng |
||
| 084 |
_a512.2, GRO _qFEDL |
||
| 100 |
_aGrossman Israel _9517983 |
||
| 245 | 0 | _aGroups and their graphs | |
| 260 | _c1964 | ||
| 300 | _avii,195p. | ||
| 700 |
_a Magnus Wilhelm _9775178 |
||
| 942 |
_cTEXL _h512.2, GRO |
||
| 999 |
_c1382473 _d1382473 |
||